000 00656nam a2200241Ia 4500
003 OSt
005 20220928144256.0
006 a|||||r|||| 00| 0
007 ta
008 220927b |||||||| |||| 00| 0 eng d
024 _a64308
037 _cTextual
040 _aSDCL
_cSDCL
_beng
041 _2eng
_aeng
082 _aJBn1,N86, M6.52
100 _aNagata T. Ed.
_9493799
245 0 _aBiotechnology in agriculture and forestry
260 _c2003
490 _vVol.52 - Brassicas and legumes
700 _a Lorz H. Ed.
_9493800
942 _hJBn1,N86, M6.52
_cTEXL
_2CC
999 _c826928
_d826928